000 00701nam a2200265 4500
001 28299
010 _a9722410091
005 20220405165303.0
021 _aPT
_b115389/97
090 _a28299
100 _a20070904d1997 c y0pory5003 ba
101 0 _apor
102 _aPT
105 _aa z 000yy
106 _ar
930 _lBECRE
675 _a087.5
_vBN
_zpor
675 _a821.134.3-93"19"
_vBN
_zpor
675 _a821.134.3-84"19"
_vBN
_zpor
700 1 _aSoares,
_bLuísa Ducla,
_f1939-
_92431
702 1 _aOliveira,
_bSusana
_4440
200 1 _aDestrava línguas
_fLuísa Ducla Soares
_gil. Susana Oliveira
210 _aLisboa
_cLivros Horizonte,
_d1997
215 _a28 p.
_cil.
_d28 cm
990 _cLIVROS